000 00519nam a2200193Ia 4500
005 20250326141523.0
008 250326s9999 xx 000 0 und d
020 _a0-205-12210-8
037 _aTextbook
040 _aFMSL
_beng
_cFMSL
041 _aeng
_2eng
084 _aX:72 NO
_qFMSL
100 _aClark J R
_9243525
245 0 _aMacroeconomics for managers
_cClark J R
260 _aBoston
_bBoston, Allyn & Bacon
_c1990
300 _ax,470.
942 _cTB
_hX:72 NO
999 _c1290694
_d1290694